FIFAワールドカップ出場国 - Statistics

General Stats
  • This quiz has been taken 51 times
  • The average score is 70 of 84
Answer Stats
国名 出場回数 最高成績 初出場 直近出場 % Correct
ブラジル 23 優勝 1930 2026
100%
ドイツ 21 優勝 1934 2026
100%
イタリア 18 優勝 1934 2014
100%
フランス 17 優勝 1930 2026
100%
イングランド 17 優勝 1950 2026
100%
スペイン 17 優勝 1934 2026
100%
韓国 12 4位 1954 2026
100%
日本 8 ベスト16 1998 2026
100%
アルゼンチン 19 優勝 1930 2026
98%
メキシコ 18 ベスト8 1930 2026
98%
ベルギー 15 3位 1930 2026
98%
スウェーデン 12 準優勝 1934 2026
98%
オランダ 12 準優勝 1934 2026
98%
アメリカ 12 3位 1930 2026
98%
ロシア(ソ連含む) 11 3位 1958 2018
98%
オーストラリア 7 ベスト16 1974 2026
98%
ポルトガル 9 3位 1966 2026
95%
オーストリア 8 3位 1934 2026
95%
コロンビア 7 ベスト8 1962 2026
95%
ノルウェー 4 ベスト16 1938 2026
95%
ウェールズ 2 ベスト8 1958 2022
95%
北朝鮮 2 ベスト8 1966 2010
95%
イラク 2 GL敗退 1986 2026
95%
ウクライナ 1 ベスト8 2006 2006
95%
ウルグアイ 15 優勝 1930 2026
93%
モロッコ 7 4位 1970 2026
93%
イラン 7 GL敗退 1978 2026
93%
デンマーク 6 ベスト8 1986 2022
93%
南アフリカ 4 GL敗退 1998 2026
93%
エジプト 4 GL敗退 1934 2026
93%
アイルランド 3 ベスト8 1990 2002
93%
ギリシャ 3 ベスト16 1994 2014
93%
カナダ 3 GL敗退 1986 2026
93%
カタール 2 GL敗退 2022 2026
93%
セルビア(ユーゴスラビア/セルビア・モンテネグロ含む) 13 4位 1930 2022
90%
ポーランド 9 3位 1938 2022
90%
チリ 9 3位 1930 2014
90%
スコットランド 9 GL敗退 1954 2026
90%
クロアチア 7 準優勝 1998 2026
90%
サウジアラビア 7 ベスト16 1994 2026
90%
ニュージーランド 3 GL敗退 1982 2026
90%
スイス 13 ベスト8 1934 2026
88%
チェコ(チェコスロバキア含む) 10 準優勝 1934 2026
88%
ハンガリー 9 準優勝 1934 1986
88%
ナイジェリア 6 ベスト16 1994 2018
88%
エクアドル 5 ベスト16 2002 2026
88%
トルコ 3 3位 1954 2026
88%
アルジェリア 5 ベスト16 1982 2026
85%
アイスランド 1 GL敗退 2018 2018
85%
コスタリカ 6 ベスト8 1990 2022
83%
コートジボワール 4 GL敗退 2006 2026
83%
スロバキア 1 ベスト16 2010 2010
83%
カメルーン 8 ベスト8 1982 2022
80%
ルーマニア 7 ベスト8 1930 1998
80%
ブルガリア 7 4位 1962 1998
80%
チュニジア 7 GL敗退 1978 2026
80%
ペルー 5 ベスト8 1930 2018
80%
ガーナ 5 ベスト8 2006 2026
80%
セネガル 4 ベスト8 2002 2026
80%
パラグアイ 9 ベスト8 1930 2026
78%
北アイルランド 3 ベスト8 1958 1986
76%
ボリビア 3 GL敗退 1930 1994
76%
インドネシア 1 1回戦敗退 1938 1938
76%
スロベニア 2 GL敗退 2002 2010
73%
パナマ 2 GL敗退 2018 2026
73%
ジャマイカ 1 GL敗退 1998 1998
73%
ヨルダン 1 2026 2026
73%
ウズベキスタン 1 2026 2026
73%
ホンジュラス 3 GL敗退 1982 2014
68%
ボスニア・ヘルツェゴビナ 2 GL敗退 2014 2026
68%
ハイチ 2 GL敗退 1974 2026
68%
アラブ首長国連邦 1 GL敗退 1990 1990
68%
イスラエル 1 GL敗退 1970 1970
66%
エルサルバドル 2 GL敗退 1970 1982
63%
アンゴラ 1 GL敗退 2006 2006
63%
コンゴ民主共和国(ザイール含む) 2 GL敗退 1974 2026
61%
キューバ 1 ベスト8 1938 1938
61%
カーボベルデ 1 2026 2026
61%
トーゴ 1 GL敗退 2006 2006
59%
キュラソー 1 2026 2026
59%
クウェート 1 GL敗退 1982 1982
56%
トリニダード・トバゴ 1 GL敗退 2006 2006
54%
東ドイツ 1 2次リーグ敗退 1974 1974
51%
中華人民共和国 1 GL敗退 2002 2002
41%
No matching quizzes found
Score Distribution
Percent of People with Each Score
Percentile by Number Answered
Your Score History
You have not taken this quiz